00374nam a2200133 a 450000500170000000800410001702000180005805000200007610000170009624500520011326000320016530000090019744000340020620140412111223.0100122s19uu xx 00 eng d a0-439-07227-1 aTR(PSbAd5 1993 aAdler, David aA Picture book of Anne Frank /cDavid A. Adler. aU.S.A :bScholastic,c1993. aunp. aPicture book biography series